Without merit : (Record no. 8614)

MARC details
000 -LEADER
fixed length control field 00576nam a22001937a 4500
003 - CONTROL NUMBER IDENTIFIER
control field OSt
005 - DATE AND TIME OF LATEST TRANSACTION
control field 20260304060631.0
008 - FIXED-LENGTH DATA ELEMENTS--GENERAL INFORMATION
fixed length control field 260304b |||||||| |||| 00| 0 eng d
020 ## - INTERNATIONAL STANDARD BOOK NUMBER
International Standard Book Number 9781-5011-70621
040 ## - CATALOGING SOURCE
Original cataloging agency DWCL - Main Lib.
Transcribing agency OC
082 ## - DEWEY DECIMAL CLASSIFICATION NUMBER
Classification number F H776w 2017
100 ## - MAIN ENTRY--PERSONAL NAME
Personal name Hoover, Colleen
Relator term Author
245 ## - TITLE STATEMENT
Title Without merit :
Remainder of title a novel /
Statement of responsibility, etc. Colleen Hoover
260 ## - PUBLICATION, DISTRIBUTION, ETC.
Place of publication, distribution, etc. New York :
Name of publisher, distributor, etc. Simon & Schuster,
Date of publication, distribution, etc. c2017.
300 ## - PHYSICAL DESCRIPTION
Extent 362 pages :
Other physical details illustrations ;
Dimensions 21cm.
650 ## - SUBJECT ADDED ENTRY--TOPICAL TERM
Topical term or geographic name entry element Dysfunctional families -- Fiction.
650 ## - SUBJECT ADDED ENTRY--TOPICAL TERM
Topical term or geographic name entry element 2. Romance fiction.
942 ## - ADDED ENTRY ELEMENTS (KOHA)
Source of classification or shelving scheme Dewey Decimal Classification
Koha item type Fiction
Suppress in OPAC No
952 ## - LOCATION AND ITEM INFORMATION (KOHA)
--
Holdings
Withdrawn status Lost status Source of classification or shelving scheme Damaged status Not for loan Home library Current library Shelving location Date acquired Source of acquisition Cost, normal purchase price Total Checkouts Full call number Barcode Date last seen Copy number Price effective from Koha item type Uniform Resource Identifier
    Dewey Decimal Classification     Junior High School Library Junior High School Library Fiction 02/23/2026 School Fund 596.00   F H776w 2017 JHS - 21518 03/04/2026 c1 03/04/2026 FIC.